El imaginario en el mito clásico: IV jornada

Đã lưu trong:
Chi tiết về thư mục
Tác giả chính: Bauzá, Hugo Francisco (Tác giả)
Định dạng: Sách
Ngôn ngữ:Tiếng Tây Ban Nha
Được phát hành: Buenos Aires Centro de Estudios del Imaginario 2004
Phiên bản:1a. ed
Những chủ đề:
Các nhãn: Thêm thẻ
Không có thẻ, Là người đầu tiên thẻ bản ghi này!

MARC

LEADER 00000cam a2200000 a 4500
001 UCE5052
003 CL-VaPUC
008 141127e20040000ag |||||||||||||||||spa|d
020 |a 9875370398 
082 0 4 |a 291.13  |b BAU  |2 21 
100 0 |a Bauzá, Hugo Francisco  |e author  |9 577544 
245 1 3 |a El imaginario en el mito clásico: IV jornada 
250 |a 1a. ed 
300 |a 144 p 
942 |c BK 
945 |d 20141127 16:34:00  |a arojas 
260 |a Buenos Aires  |b Centro de Estudios del Imaginario  |c 2004 
650 0 |a Mitología   |9 255719 
650 0 |a Creencia Religiosa  |9 316904 
650 0 |a Mitología griega   |9 265313 
650 7 |a LEYENDAS  |2 CL-VaPUC  |9 265258 
583 |a last modification  |c 20141127 16:34:00  |k Rodrigo Vera 
999 |c 357875  |d 357873 
952 |0 0  |1 0  |3 erb  |4 0  |6 291_130000000000000_BAU_2004  |7 0  |8 A  |9 466004  |a BIBHIS  |b BIBHIS  |i 5127203  |o 291.13 BAU 2004  |p 5127203  |r 2025-01-20  |w 2019-11-23  |y BK  |z Catalogado en:20141127  |k HIS